| 000 | 00539 a2200181 4500 | ||
|---|---|---|---|
| 005 | 20170608110208.0 | ||
| 008 | 130228s2013 ck j |a 00| 0 spa d | ||
| 040 |
_aCO-BoUCM _cspa |
||
| 092 | _aMAP 0140 | ||
| 245 |
_aMapamundi _bestructura geopolítica y económica |
||
| 260 |
_a[Bogotá] _b[s.n.] _c[2013] |
||
| 300 |
_a1 mapa _bcolor _c70 x100 cm |
||
| 650 | 7 |
_aGeografía económica _vMapas _944799 |
|
| 650 | 7 |
_aGeografía política _vMapas _944800 |
|
| 690 | _aGeografía universal | ||
| 942 |
_2LOCAL _cMATGRAF _a20 |
||
| 041 | _aspa | ||
| 999 |
_c165114 _d165114 |
||